000
00387nam a2200145Ia 4500
041
_a
Arabic
082
_a
332,6 cut-896 ش
100
_a
20260118u\\\\\\\\\\\y0engy0103\\\\ba
100
_a
د.مروان شموط
245
0
_a
اسس الاستثمار
250
_a
ط1
260
_b
الشركة العربية المتحدة
_a
القاهرة
_c
2024
300
_a
369
942
_c
Bk
999
_c
188461
_d
188461